000
00247nam a2200097Ia 4500
008
171211s9999 xx 000 0 und d
245
_a
Tutto - Musica
260
_c
2011
650
_x
music
856
_u
http://down.ebook777.com/058/9788841855126.pdf
999
_c
348720
_d
348720